Methods and Issues in social research (Record no. 16915)

000 -LEADER
fixed length control field 00247nam a22000977a 4500
008 - FIXED-LENGTH DATA ELEMENTS--GENERAL INFORMATION
fixed length control field 140207t xxu||||| |||| 00| 0 eng d
100 ## - MAIN ENTRY--PERSONAL NAME
Personal name James A. Black
9 (RLIN) 656
245 ## - TITLE STATEMENT
Title Methods and Issues in social research
300 ## - PHYSICAL DESCRIPTION
Extent ix, 444 p. :
942 ## - ADDED ENTRY ELEMENTS (KOHA)
Source of classification or shelving scheme
Koha item type Book
Holdings
Withdrawn status Lost status Source of classification or shelving scheme Damaged status Not for loan Collection code Permanent Location Current Location Date acquired Total Checkouts Full call number Barcode Date last seen Price effective from Koha item type
            Atta-ur-Rahman School of Applied Biosciences (ASAB) Atta-ur-Rahman School of Applied Biosciences (ASAB) 02/07/2014   300.72 BLA ASAB362 02/07/2014 02/07/2014 Book
            Atta-ur-Rahman School of Applied Biosciences (ASAB) Atta-ur-Rahman School of Applied Biosciences (ASAB) 02/07/2014   300.72 BLA ASAB361 01/18/2016 02/07/2014 Book
© 2023 Central Library, National University of Sciences and Technology. All Rights Reserved.